Członkowie Ligi Państw Arabskich - klikanie na mapie - Statystyki

Ogólne statystyki
  • Ten quiz został rozwiązany 12 razy
  • Średni wynik to 18 z 22
Odpowiedzi na mapie
Odpowiedzi zakodowano w zielono-czerwonej skali na mapie do tego quizu, zgodnie z poniższymi procentami.
 
Statystyki odpowiedzi
Odpowiedź % Poprawnych
Arabia Saudyjska
100%
Egipt
100%
Irak
100%
Libia
100%
Maroko
100%
Mauretania
100%
Oman
100%
Sudan
100%
Tunezja
100%
Algieria
83%
Bahrajn
83%
Jemen
83%
Kuwejt
83%
Palestyna
83%
Somalia
83%
Jordania
67%
Katar
67%
Komory
67%
Zjednoczone Emiraty Arabskie
67%
Dżibuti
50%
Liban
50%
Syria
50%
Nie znaleziono quizów pasujących do podanych kryteriów
Rozkład punktacji
Procent ludzi z każdym wynikiem
Percentyl według liczby udzielonych odpowiedzi
Twoja historia wyników
Nie rozwiązałeś tego quizu